| 000 | 00401 a2200157 4500 | ||
|---|---|---|---|
| 005 | 20250614090732.0 | ||
| 020 | _a978-1-4718-4776-9 | ||
| 082 | _a650 MAR | ||
| 100 | _aMARCOUSE, I. | ||
| 245 | _aBusiness Edexcel A level | ||
| 260 |
_aNew York _bHoddder Education _c2015. |
||
| 300 |
_avi, 327p.; ill.; figures _bIndex _c27cm |
||
| 700 | _aAndrew Hammond | ||
| 700 | _aNigel Watson | ||
| 942 |
_2ddc _cBKS |
||
| 999 |
_c4068 _d4068 |
||